| 000 | 00740nam a2200277Ia 4500 | ||
|---|---|---|---|
| 008 | 171025s9999 xx 000 0 und d | ||
| 020 | _a9780312357375 | ||
| 050 | _a920 | ||
| 050 | _bSc298 2008 | ||
| 100 | _aSchaller, Bob | ||
| 245 | _aMichael Phelps : | ||
| 245 | _bthe untold story of a champion / | ||
| 245 | _cby Bob Schaller ; introduction by Rowdy Gaines ; foreword by Jason Lezak. | ||
| 260 | _aNew York : | ||
| 260 | _bSt. Martin Paperbacks, | ||
| 260 | _c2008 | ||
| 300 | _a247 pages : | ||
| 300 | _billustrations ; | ||
| 300 | _c17cm. | ||
| 650 | _aSwimmers -- | ||
| 650 | _aSwimmers. | ||
| 650 | _xUnited States -- Biography. | ||
| 700 | _aGaines, Rowdy. | ||
| 700 | _aLezak, Jason. | ||
| 700 | _aTitle. | ||
| 999 |
_c344565 _d344565 |
||